| 000 | 00516nam a2200193 a 4500 | ||
|---|---|---|---|
| 001 | 1770804466241 | ||
| 003 | YourLibrary | ||
| 005 | 20260211154105.0 | ||
| 008 | 260211s2007##################000#0#eng## | ||
| 020 | _a9781422200230 | ||
| 082 | 0 | 4 |
_a333. 9516 _bLIB |
| 100 | 1 |
_aLibal, Angela, _eauthor. |
|
| 245 | 1 | 0 | _aRural Teens and Nature : |
| 260 |
_bYouth in Rural North America, _c2007. |
||
| 300 | _a96 pages | ||
| 650 | 0 | _aJuvenile Nonfiction. | |
| 942 | _cENGLISH | ||
| 040 |
_aYourLibrary _beng _cYourLibrary |
||
| 999 |
_c611730 _d611730 |
||